02344 a2200217 45000010006000000050017000060080041000230030015000640400040000790800035001192450036001540200018001902640041002083000017002495051737002661000024020037000030020277000023020577000023020807000023021032519920260407155535.0260407a1978 arg spa dAR-UNSa-BCEJYS aAR-UNSa-BCEJYSbspacAR-UNSa-BCEJYS a347.72xSociedades comerciales10aCuadernos de derecho societario a950-20-0071-4 1aBuenos Aires :bAbeledo Perrotc1978 a4 v.c23 cm. aVol. I: Aspectos jurídicos generales: 1. Ubicación de la sociedad comercial en el ámbito jurídico - 2. Constitución de las sociedades - 3. Personalidad de las sociedades - 4. Los socios - 5. Patrimonio y capital social - 6. Domicilio - denominación - objeto - 7. La organización - 8. Régimen de la documentación y contabilidad - 9. Participación en las utilidades y soportación de las pérdidas -- Vol. II: Sociedades por partes de interés y por cuotas: Parte I: 1. La sociedad colectiva - 2. La sociedad en comandita simple - 3. La sociedad de capital e industria - 4. La sociedad accidental o en participación -- Parte II: Sociedades de responsabilidad limitada -- Vol. III: Sociedades anónimas y en comandita por acciones: 1. Consideraciones generales sobre las sociedades por acciones - 2. Régimen de la intervención del estado - 3. La sociedad anónima. Caracterización y aspectos particulares. Régimen de constitución - 4. El capital social - 5. Acciones - 6. Bonos y deventures - 7. Gobierno - 8. El voto acumulativo para las elecciones en los órganos sociales - 9. Administración y representación - 10. Análisis e interpretación de las normas sobre documentación y estados contables de sociedades por acciones - 11. Fiscalización interna - 12. Sociedades en comandita por acciones -- Vol. IV: Aspectos particulares en la evolución de las sociedades: 1. Grupos y concentración de sociedades - 2. Transformación - 3. Fusión - 4. Escisión - 5. "Resolución parcial" - 6. Disolución - 7. Prórroga - 8. Reactivación de sociedades disueltas - 9. Liquidación - 10. Intervención judicial e intervención administrativa de las sociedades - 11. Arbitraje 1 aZaldívar, Enrique1 aRagazzi, Gillermo Enrique1 aRovira, Alfredo L.1 aManovil, Rafael M.1 aSan Millan, Carlos